000 00619nam a22001577a 4500
003 OSt
005 20151104145539.0
008 151104b xxu||||| |||| 00| 0 eng d
040 _cRUA
082 _aFOR UCH 1997 B123 Or.1
100 _93349
_aUCH, SEIHA.
245 _aTraditional wildlife hunting at south of tonle sap leak cambodia, សិក្សាទំនៀមទំលាប់ប្រមាញ់សត្វព្រៃនៅតំបន់ភូមិភាគខាងត្បូងបឹងទន្លេសាប
260 _aPhnom Penh
_bRUA
_c1997
300 _a97p.
_bill.
_c29cm.
942 _2ddc
_cFOR
999 _c3123
_d3123